| 000 | 01258nam a22002177a 4500 | ||
|---|---|---|---|
| 005 | 20240724233249.0 | ||
| 008 | s2550 th tha d | ||
| 041 | _atha | ||
| 050 | _aHD 2080.55.Z8 อ696ก 2550 | ||
| 100 | 0 | _aอำไพรัตน์ อักษรพรหม | |
| 245 | 1 | 0 | _aการเตรียมความพร้อมเพื่อรองรับข้อตกลงเขตการค้าเสรีด้านวิถีการเลี้ยงชีพของเกษตรกรไทย |
| 260 | 3 |
_aกรุงเทพฯ : _bสภาวิจัยแห่งชาติ, _c2550 |
|
| 300 |
_a176 หน้า : _b ตาราง, แผนภูมิ; _c 29 ซม. |
||
| 650 | 0 | 4 | _aข้อตกลงเขตการค้าเสรี -- ผลกระทบต่อเกษตรกร -- วิจัย |
| 650 | 0 | 4 | _aเขตการค้าเสรี -- ผลกระทบต่อเกษตรกร -- วิจัย |
| 850 | _aNALT | ||
| 942 | _cRSH | ||
| 997 | _aบ 24145 | ||
| 997 | _c000000000064227 | ||
| 998 | _aนางสาวจำเรียง ประสงค์ดี | ||
| 999 |
_c64227 _d64227 |
||